Organizational psychology / (Record no. 19478)

MARC details
000 -LEADER
fixed length control field 00412nam a22001577a 4500
003 - CONTROL NUMBER IDENTIFIER
control field OSt
008 - FIXED-LENGTH DATA ELEMENTS--GENERAL INFORMATION
fixed length control field 230421b2019 |||||||| |||| 00| 0 eng d
020 ## - INTERNATIONAL STANDARD BOOK NUMBER
International Standard Book Number 9789389307948
082 ## - DEWEY DECIMAL CLASSIFICATION NUMBER
Classification number 158.7
Item number KAI-O
100 ## - MAIN ENTRY--PERSONAL NAME
Personal name Kaila, H.L.
245 ## - TITLE STATEMENT
Title Organizational psychology /
Statement of responsibility, etc H.L. Kaila
260 ## - PUBLICATION, DISTRIBUTION, ETC. (IMPRINT)
Place of publication, distribution, etc New Delhi :
Name of publisher, distributor, etc Dreamtech Press,
Date of publication, distribution, etc 2019.
300 ## - PHYSICAL DESCRIPTION
Extent / Pages xvi, 309p. ;
650 ## - SUBJECT ADDED ENTRY--TOPICAL TERM
Topical term or geographic name as entry element Psychology, Industrial
942 ## - ADDED ENTRY ELEMENTS (KOHA)
Source of classification or shelving scheme
Koha item type Books
Holdings
Withdrawn status Lost status Source of classification or shelving scheme Damaged status Not for loan Home library Current library Date acquired Source of acquisition Currency Cost, normal purchase price Full call number Barcode Date last seen Copy number Bill Date Koha item type Bill Number
          SOBD Library SOBD Library 21/04/2023 Vedi Books INR 455.00 158.7 KAI-O1 002741 21/04/2023 1 15/04/2023 Reference Books VEDI/23-24/04/09
          SOBD Library SOBD Library 21/04/2023 Vedi Books INR 455.00 158.7 KAI-O2 002742 21/04/2023 2 15/04/2023 Books VEDI/23-24/04/09
          SOBD Library SOBD Library 21/04/2023 Vedi Books INR 455.00 158.7 KAI-O3 002743 21/04/2023 3 15/04/2023 Books VEDI/23-24/04/09
          SOBD Library SOBD Library 21/04/2023 Vedi Books INR 455.00 158.7 KAI-O4 002744 21/04/2023 4 15/04/2023 Books VEDI/23-24/04/09
          SOBD Library SOBD Library 21/04/2023 Vedi Books INR 455.00 158.7 KAI-O5 002745 21/04/2023 5 15/04/2023 Books VEDI/23-24/04/09
          SOBD Library SOBD Library 21/04/2023 Vedi Books INR 455.00 158.7 KAI-O6 002746 21/04/2023 6 15/04/2023 Books VEDI/23-24/04/09
Hosted, Implemented, Customized & Maintained by: BestBookBuddies

Powered by Koha